000 00511nam a22001337a 4500
999 _c80237
_d80237
008 201130b ||||| |||| 00| 0 eng d
040 _bger
_cSTAFF
_erda
_aSTAFF
245 _aKooperation bekräftigt
_bVereinbarung: Jobcenter, Agentur und Mikado verzahnen Angebote.
_cred
773 _dFrankfurt (Oder): Märkisches Verlags- und Druckhaus GmbH & Co KG
_g31. Jahrgang (2020) Nr. 277 vom 27.11.2020, S. 16
_tMärkische Oderzeitung
942 _cA